The works of Thomas Deloney /

Bibliographic Details
Main Author: Deloney, Thomas, 1543?-1600
Other Authors: Mann, Francis Oscar
Format: Book
Language:English
Published: Oxford : The Clarendon press, 1912.

MARC

Tag First Indicator Second Indicator Subfields
LEADER 00000cam a2200000 4500
001 in00000027681
005 20151007062707.0
008 720214s1912 enk 00001 eng u
010 |a  12012669  
035 |a (OCoLC)00241862 
035 |9 AAD5572AM 
040 |c YNG  |d TXA  |d UtOrBLW 
049 |a TXAM  |c [208025] 
090 |a PR2244  |b .D2 1912 
092 |a 823  |b D361 
100 1 |a Deloney, Thomas,  |d 1543?-1600. 
245 1 4 |a The works of Thomas Deloney /  |c edited from the earliest extant editions & broadsides, with an introduction and notes, by Francis Oscar Mann. 
264 1 |a Oxford :  |b The Clarendon press,  |c 1912. 
300 |a xliii, 600 pages ;  |c 23 cm. 
336 |a text  |b txt  |2 rdacontent 
337 |a unmediated  |b n  |2 rdamedia 
338 |a volume  |b nc  |2 rdacarrier 
500 |a With reproductions of original title-pages. 
700 1 |a Mann, Francis Oscar. 
999 |a MARS 
999 f f |s b2410d54-990f-3885-998a-263cf4e85be8  |i 2198dbb2-5926-3e0e-a087-b8c006ab6781  |t 0 
952 f f |p normal  |a Texas A&M University  |b College Station  |c Sterling C. Evans Library  |d Evans: Library Stacks  |t 0  |e PR2244 .D2 1912  |h Library of Congress classification  |i unmediated -- volume  |m A14801316273 
998 f f |a PR2244 .D2 1912  |t 0  |l Evans: Library Stacks